000 00353nam a2200133Ia 4500
008 180315s9999||||xx |||||||||||||| ||und||
082 _aQT 17
_bMUL
100 _aMulronney,Susan E.
245 0 _aNetter,s Essential Physiology
_cMulronney,Susan E.
260 _aPhiladelphia
_bElsevier
_c2009
300 _a387
650 _aPhysiology- Atlase
942 _cBK
999 _c5764
_d5764